| 000 | 00396pam a2200157a 44500 | ||
|---|---|---|---|
| 008 | 230515b1993 xxu||||| |||| 00| 0 eng d | ||
| 020 | _aNULL | ||
| 041 | _aENGL | ||
| 082 | _a891.463 APA | ||
| 100 | _a"APATE K.," | ||
| 245 | _aPOOL UMALATE TEVHA (MARATHI) | ||
| 250 | _a0 | ||
| 260 |
_aPUNE _bSUVIDYA PRAKASHAN _c1993 |
||
| 300 | _aNULL | ||
| 650 | _a"LITERATURES,MARATHI LITERATURES,FICTION" | ||
| 999 |
_c537973 _d537973 |
||